[Event "Wch Seniors 65 29th"]
[Site "Bucharest"]
[Date "2019.11.22"]
[Round "10"]
[White "Marshall, Michael"]
[Black "Schramek, Kurt"]
[Result "1-0"]
[WhiteElo "1887"]
[BlackElo "1631"]
[PlyCount "109"]
[EventDate "2019.11.12"]
[EventType "swiss"]
[EventRounds "11"]
[EventCountry "ROU"]
[SourceTitle "CBM 193 Extra"]
[Source "ChessBase"]
[SourceDate "2020.01.31"]
[SourceVersion "1"]
[SourceVersionDate "2020.01.31"]
[SourceQuality "1"]

1. d4 Nf6 2. Nf3 e6 3. Bf4 d6 4. e3 Be7 5. h3 b6 6. Nbd2 Bb7 7. Bd3 c5 8. c3 Nbd7 9. 0-0 0-0 10. Qe2 d5 11. e4 dxe4 12. Nxe4 Nxe4 13. Bxe4 Bxe4 14. Qxe4 Nf6 15. Qe2 Qd5 16. Rfe1 Rfd8 17. Bh2 Rac8 18. c4 Qb7 19. d5 Bd6 20. dxe6 Bxh2+ 21. Kxh2 Re8 22. exf7+ Qxf7 23. Qc2 Rcd8 24. Rxe8+ Rxe8 25. Re1 Rxe1 26. Nxe1 Qe6 27. Nf3 h6 28. Kg1 Kf7 29. b3 a5 30. Kf1 Qd6 31. Qd2 Qe6 32. Qf4 Kg8 33. Qd2 Kf7 34. Kg1 Qe7 35. Qc2 Kg8 36. Kh2 Qd6+ 37. g3 Qe6 38. Nh4 Qe4 39. Qd2 Qe6 40. Ng2 Qe7 41. f3 Kf7 42. Ne3 Qe6 43. Kg2 Kf8 44. h4 h5 45. Qd3 Kf7 46. Nd5 Nd7 47. Nf4 Qc6 48. Nxh5 Qe6 49. Qd5 g6 50. Qxe6+ Kxe6 51. Nf4+ Kf5 52. Kf2 Ne5 53. Ke3 Nc6 54. g4+ Kf6 55. Nd5+ 1-0

[Event "Wch Seniors 65 29th"]
[Site "Bucharest"]
[Date "2019.11.19"]
[Round "7"]
[White "Evulet, Gheorghe"]
[Black "Schramek, Kurt"]
[Result "1-0"]
[WhiteElo "1890"]
[BlackElo "1631"]
[PlyCount "75"]
[EventDate "2019.11.12"]
[EventType "swiss"]
[EventRounds "11"]
[EventCountry "ROU"]
[SourceTitle "CBM 193 Extra"]
[Source "ChessBase"]
[SourceDate "2020.01.31"]
[SourceVersion "1"]
[SourceVersionDate "2020.01.31"]
[SourceQuality "1"]

1. e4 c5 2. Nf3 e6 3. d4 cxd4 4. Nxd4 Nc6 5. Nb5 d6 6. c4 a6 7. N5c3 Nf6 8. Be2 Be7 9. Be3 0-0 10. 0-0 Bd7 11. Na3 Re8 12. f3 Rb8 13. Nc2 Qc7 14. Qd2 Ne5 15. b3 Rec8 16. a4 Bc6 17. a5 Qd7 18. Rfe1 Qe8 19. Bd4 Ned7 20. b4 Nf8 21. b5 axb5 22. cxb5 Bd7 23. Reb1 Kh8 24. Na4 d5 25. e5 Ng8 26. Nb6 Rc7 27. a6 bxa6 28. bxa6 Bc5 29. Bxc5 Rxc5 30. a7 Rxb6 31. Rxb6 Rc8 32. Qb4 Bc6 33. Bb5 Bxb5 34. Qxb5 Nd7 35. Rb7 Ra8 36. Qxd7 Qc8 37. Qxf7 Qc5+ 38. Kh1 1-0

[Event "Wch Seniors 65 29th"]
[Site "Bucharest"]
[Date "2019.11.12"]
[Round "1"]
[White "Schramek, Kurt"]
[Black "Giurumia, Sorin"]
[Result "0-1"]
[WhiteElo "1631"]
[BlackElo "2066"]
[PlyCount "88"]
[EventDate "2019.11.12"]
[EventType "swiss"]
[EventRounds "11"]
[EventCountry "ROU"]
[SourceTitle "CBM 193 Extra"]
[Source "ChessBase"]
[SourceDate "2020.01.31"]
[SourceVersion "1"]
[SourceVersionDate "2020.01.31"]
[SourceQuality "1"]

1. d4 Nf6 2. Bf4 c5 3. e3 e6 4. c3 b6 5. Nf3 Bb7 6. Nbd2 Nc6 7. Bd3 Be7 8. h3 Rc8 9. 0-0 0-0 10. Qe2 Re8 11. Rac1 g6 12. e4 cxd4 13. Nxd4 e5 14. Nxc6 Bxc6 15. Bg3 d5 16. exd5 Qxd5 17. f3 Nh5 18. Bh2 Rcd8 19. Be4 Qc5+ 20. Kh1 Bg5 21. Rcd1 Bb5 22. c4 Ba6 23. b3 f5 24. Bc2 Bf4 25. Nb1 b5 26. Rxd8 Rxd8 27. Rd1 Rxd1+ 28. Qxd1 bxc4 29. Qd8+ Kg7 30. b4 Qxb4 31. Qd7+ Kh6 32. Bxf4+ Nxf4 33. Qxa7 Qe1+ 34. Qg1 Qe2 35. Bd1 Qd3 36. Ba4 Bb7 37. Qd1 Qe3 38. Qd2 Qd4 39. Bd1 c3 40. Qc2 Nd5 41. a4 Ne3 42. Qf2 Qxd1+ 43. Kh2 Nf1+ 44. Kg1 Ng3+ 0-1

[Event "Wch Seniors 65 28th"]
[Site "Bled"]
[Date "2018.11.27"]
[Round "9"]
[White "Schramek, Kurt"]
[Black "Pfitzer, Norbert"]
[Result "0-1"]
[WhiteElo "1569"]
[BlackElo "2066"]
[PlyCount "126"]
[EventDate "2018.11.18"]
[EventType "swiss"]
[EventRounds "11"]
[EventCountry "SLO"]
[SourceTitle "CBM 187 Extra"]
[Source "ChessBase"]
[SourceDate "2018.11.04"]
[SourceVersion "1"]
[SourceVersionDate "2018.11.04"]
[SourceQuality "1"]

1. d4 Nf6 2. Bf4 g6 3. e3 Bg7 4. h3 c5 5. c3 b6 6. Nf3 Bb7 7. Nbd2 0-0 8. Be2 Nc6 9. 0-0 Rc8 10. Re1 d6 11. Bh2 cxd4 12. exd4 e6 13. a4 d5 14. Ne5 Nxe5 15. Bxe5 Bh6 16. Nf3 Ne4 17. Bd3 Nd6 18. Bxd6 Qxd6 19. a5 Ra8 20. Qb3 Rfb8 21. a6 Bc6 22. Bb5 Bxb5 23. Qxb5 Rd8 24. Ne5 Rac8 25. Qd3 Bf4 26. Qf3 Bxe5 27. Rxe5 Kg7 28. Qe2 Re8 29. Re1 Rc4 30. Ra1 Qc6 31. h4 Qd6 32. Re1 Rc6 33. h5 f6 34. Re3 g5 35. Rh3 Qd7 36. Qg4 h6 37. f4 f5 38. Qe2 g4 39. Qe5+ Kf7 40. Rhe3 Qd6 41. Qxd6 Rxd6 42. Ra1 Rc6 43. g3 Rec8 44. Kf2 b5 45. Ke2 b4 46. Kd2 Ke7 47. Ra4 bxc3+ 48. Rxc3 Rxc3 49. bxc3 Rc6 50. Kd3 Kd6 51. Kc2 Rb6 52. Ra5 Kc7 53. Rc5+ Rc6 54. Ra5 Kb6 55. Ra4 Rc4 56. Kb3 Rxa4 57. Kxa4 Kxa6 58. Kb4 Kb6 59. Ka4 a5 60. Ka3 Kb5 61. Kb3 a4+ 62. Ka3 Kc4 63. Kxa4 Kxc3 0-1

[Event "Wch Seniors 65 28th"]
[Site "Bled"]
[Date "2018.11.21"]
[Round "4"]
[White "Vinke, Dietmar"]
[Black "Schramek, Kurt"]
[Result "1/2-1/2"]
[WhiteElo "2163"]
[BlackElo "1569"]
[PlyCount "31"]
[EventDate "2018.11.18"]
[EventType "swiss"]
[EventRounds "11"]
[EventCountry "SLO"]
[SourceTitle "CBM 187 Extra"]
[Source "ChessBase"]
[SourceDate "2018.11.04"]
[SourceVersion "1"]
[SourceVersionDate "2018.11.04"]
[SourceQuality "1"]

1. Nf3 c5 2. g3 g6 3. Bg2 Bg7 4. 0-0 Nc6 5. e4 e5 6. d3 Nge7 7. c3 0-0 8. Be3 d6 9. Qd2 Bg4 10. Nh4 Qd7 11. f4 f5 12. fxe5 Nxe5 13. Na3 fxe4 14. dxe4 Be6 15. b3 Rxf1+ 16. Rxf1 1/2-1/2

[Event "Wch Seniors 65 28th"]
[Site "Bled"]
[Date "2018.11.18"]
[Round "1"]
[White "Schramek, Kurt"]
[Black "Taksrud, Vidar"]
[Result "1/2-1/2"]
[WhiteElo "1569"]
[BlackElo "2038"]
[PlyCount "143"]
[EventDate "2018.11.18"]
[EventType "swiss"]
[EventRounds "11"]
[EventCountry "SLO"]
[SourceTitle "CBM 187 Extra"]
[Source "ChessBase"]
[SourceDate "2018.11.04"]
[SourceVersion "1"]
[SourceVersionDate "2018.11.04"]
[SourceQuality "1"]

1. d4 Nf6 2. Bf4 c5 3. c3 d5 4. e3 Nc6 5. Nd2 Bf5 6. Ngf3 e6 7. Be2 Be7 8. 0-0 0-0 9. Ne5 Nxe5 10. dxe5 Nd7 11. Nf3 c4 12. Nd4 Bg6 13. Bh5 Bd3 14. Be2 Nc5 15. b4 Bxe2 16. Nxe2 Nd3 17. Bg3 a5 18. a3 h5 19. h3 h4 20. Bh2 axb4 21. axb4 Rxa1 22. Qxa1 Qa8 23. Nd4 Qa6 24. Qxa6 bxa6 25. Ra1 Ra8 26. Nc6 Bf8 27. Kf1 f6 28. exf6 gxf6 29. b5 Nc5 30. b6 Kf7 31. Na5 e5 32. b7 Rb8 33. Nc6 Rxb7 34. Nd8+ Kg6 35. Nxb7 Nxb7 36. Rxa6 Nc5 37. Ra1 Kf5 38. f3 Nb3 39. Rd1 Ke6 40. Ke2 Ba3 41. Bg1 Bb2 42. Bf2 Bxc3 43. Bxh4 d4 44. exd4 exd4 45. Be1 d3+ 46. Ke3 Bd4+ 47. Kf4 f5 48. Bb4 Be5+ 49. Kg5 f4 50. h4 Kd5 51. Kf5 Nd4+ 52. Kg6 Nc2 53. Ba5 Ne3 54. Rd2 Kd4 55. Bb6+ Kc3 56. Ba5+ Kb3 57. h5 Nd5 58. h6 Ne7+ 59. Kf7 Nc6 60. Bb6 Kc3 61. Rd1 Kc2 62. Rh1 d2 63. h7 d1Q 64. Rxd1 Kxd1 65. Bc7 Bb2 66. Bxf4 Ne5+ 67. Kg8 Ng6 68. Bh6 Ne7+ 69. Kf7 Nf5 70. Bg5 Nd6+ 71. Kg6 Ne8 72. Kf7 1/2-1/2

[Event "Wch Seniors 65 26th"]
[Site "Marianske Lazne"]
[Date "2016.11.22"]
[Round "4"]
[White "Schramek, Kurt"]
[Black "Dvorak, Pavel"]
[Result "1/2-1/2"]
[WhiteElo "1602"]
[BlackElo "1753"]
[PlyCount "40"]
[EventDate "2016.11.19"]
[EventType "swiss"]
[EventRounds "11"]
[EventCountry "CZE"]
[SourceTitle "CBM 175 Extra"]
[Source "ChessBase"]
[SourceDate "2016.12.12"]
[SourceVersion "1"]
[SourceVersionDate "2016.12.12"]
[SourceQuality "1"]

1. d4 Nf6 2. Bf4 d5 3. e3 c6 4. c4 e6 5. Nc3 a6 6. c5 Nbd7 7. Nf3 b6 8. b4 Be7 9. h3 0-0 10. Bd3 Nh5 11. Bh2 g6 12. 0-0 f5 13. Ne5 Nxe5 14. Bxe5 Nf6 15. Be2 Nd7 16. f4 Nxe5 17. fxe5 Bd7 18. g3 b5 19. a4 Qc7 20. Qd2 Ra7 1/2-1/2